Blue book 1991: Materials, compounding indgredients, machinery and services for rubber (Record no. 40340)

MARC details
000 -LEADER
fixed length control field 00706nam a2200229Ia 4500
082 ## - DEWEY DECIMAL CLASSIFICATION NUMBER
Classification number NR:0581991
Item number BLU
245 #0 - TITLE STATEMENT
Title Blue book 1991: Materials, compounding indgredients, machinery and services for rubber
260 ## - PUBLICATION, DISTRIBUTION, ETC. (IMPRINT)
Place of publication Ohio
Name of publisher Rubber World
Year of publication 1991
650 ## - SUBJECT ADDED ENTRY--TOPICAL TERM
Topical Term Rubber accelerators
650 ## - SUBJECT ADDED ENTRY--TOPICAL TERM
Topical Term Rubber activators
650 ## - SUBJECT ADDED ENTRY--TOPICAL TERM
Topical Term Rubber adhesives
650 ## - SUBJECT ADDED ENTRY--TOPICAL TERM
Topical Term Rubber antioxidants
650 ## - SUBJECT ADDED ENTRY--TOPICAL TERM
Topical Term Rubber blowing agents
650 ## - SUBJECT ADDED ENTRY--TOPICAL TERM
Topical Term Rubber compounding materials
650 ## - SUBJECT ADDED ENTRY--TOPICAL TERM
Topical Term Rubber fillers
650 ## - SUBJECT ADDED ENTRY--TOPICAL TERM
Topical Term Rubber latex compounding materials
650 ## - SUBJECT ADDED ENTRY--TOPICAL TERM
Topical Term Rubber peptizers
650 ## - SUBJECT ADDED ENTRY--TOPICAL TERM
Topical Term Rubber solvents
650 ## - SUBJECT ADDED ENTRY--TOPICAL TERM
Topical Term Synthetic Rubbers
942 ## - ADDED ENTRY ELEMENTS (KOHA)
Koha item type Books
Holdings
Withdrawn status Lost status Damaged status Not for loan Home library Current library Date acquired Source of acquisition Cost, normal purchase price Full call number Accession Number Koha item type
        RRII Library RRII Library 16/12/2021 Auction 114.00 NR:0581991 BLU 20641 Books